Sample conditions of business (Record no. 104268)
[ view plain ]
| 000 -LEADER | |
|---|---|
| fixed length control field | 01414cam a2200229 4500 |
| 001 - CONTROL NUMBER | |
| control field | L129710 |
| 008 - FIXED-LENGTH DATA ELEMENTS--GENERAL INFORMATION | |
| fixed length control field | 050513n2005 000 0 eng u |
| 035 ## - SYSTEM CONTROL NUMBER | |
| System control number | (Sirsi) u129710 |
| 041 ## - LANGUAGE CODE | |
| Language code of text/sound track or separate title | eng |
| 100 ## - MAIN ENTRY--PERSONAL NAME | |
| Personal name | Harvey, Brian W |
| 110 ## - MAIN ENTRY--CORPORATE NAME | |
| Corporate name or jurisdiction name as entry element | Royal Institution of Chartered Surveyors |
| Subordinate unit | Arts and Antiques Faculty |
| 9 (RLIN) | 4552 |
| 245 ## - TITLE STATEMENT | |
| Title | Sample conditions of business |
| 260 ## - PUBLICATION, DISTRIBUTION, ETC. | |
| Place of publication, distribution, etc. | London |
| Name of publisher, distributor, etc. | RICS and SOFAA |
| Date of publication, distribution, etc. | 2005 |
| 300 ## - PHYSICAL DESCRIPTION | |
| Extent | 13p. |
| 520 ## - SUMMARY, ETC. | |
| Summary, etc. | This jointly prepared report provides model conditions of business. They are designed to reflect the current law and provide what protection is reasonable for the seller, the auctioneer and the buyer in respect of duties and liabilities arising in the numerous transactions, which take place throughout England and Wales. The documentation consists of a user's introduction, information for buyers, terms of consignment for sellers and conditions of sale. The OFT has not formally approved or endorsed these conditions and reserves the right to fully investigate complaints relating to them and to take whatever further action it may deem appropriate. |
| 590 ## - LOCAL NOTE (RLIN) | |
| Local note | IKA070605 |
| 690 ## - LOCAL SUBJECT ADDED ENTRY--TOPICAL TERM (OCLC, RLIN) | |
| Topical term or geographic name as entry element | Art and antiques |
| 700 ## - ADDED ENTRY--PERSONAL NAME | |
| Personal name | Meisel, Franklin |
| 710 ## - ADDED ENTRY--CORPORATE NAME | |
| Corporate name or jurisdiction name as entry element | Society of Fine Arts Auctioneers and Valuers |
| 9 (RLIN) | 4715 |
| 856 ## - ELECTRONIC LOCATION AND ACCESS | |
| Uniform Resource Identifier | <a href="https://www.rics.org/site/download_feed.aspx?fileID=201&fileExtension=PDF">https://www.rics.org/site/download_feed.aspx?fileID=201&fileExtension=PDF</a> |
| Public note | View the sample conditions free of charge at www.rics.org... |
| 942 ## - ADDED ENTRY ELEMENTS (KOHA) | |
| Suppress in OPAC | 0 |
| Withdrawn status | Lost status | Source of classification or shelving scheme | Damaged status | Not for loan | Home library | Current library | Shelving location | Date acquired | Total Checkouts | Full call number | Barcode | Date last seen | Copy number | Price effective from | Koha item type |
|---|---|---|---|---|---|---|---|---|---|---|---|---|---|---|---|
| Dewey Decimal Classification | Virtual | Virtual | Online | 13/05/2005 | ONLINE PUBLICATION | 129710-1001 | 06/08/2019 | 1 | 06/08/2019 | Book |